000 01135nam a2200361 i 4500
001 13583
003 KOSZ 005
005 20240405063017.0
008 070620s1970 pl |000 0 pol
015 _aPB 1970/3911
035 _a(OCoLC)830843397
040 _aWA N
_cWA N
_bKOSZ 005/HR
046 _k1970
080 _a349.2(438)
100 1 _aMasewicz, Walery
_eAutor
245 1 0 _aUkłady zbiorowe pracy :
_bwybrane zagadnienia /
_cWalery Masewicz.
260 _aWarszawa :
_bWydawnictwo Związkowe CRZZ,
_c1970.
300 _a159, [1] s. ;
_c18 cm.
336 _2rdacontent
_aTekst
_btxt
337 _2rdamedia
_aBez urządzenia pośredniczącego
_bn
338 _2rdacarrier
_aWolumin
_bnc
380 _aKsiążki
388 _a1901-2000
388 _a1945-1970
648 4 _a1901-2000
648 4 _a1945-1989
650 4 _aPrawo pracy
650 4 _aUkład zbiorowy pracy
651 4 _aPolska
658 _aPrawo i wymiar sprawiedliwości
856 _uhttp://koha.tu.koszalin.pl/cgi-bin/koha/opac-detail.pl?biblionumber=13583
_yKatalog online BPK
942 _2UKD
_cKS
999 _c13583
_d13583